| 000 | 00359nam a2200145Ia 4500 | ||
|---|---|---|---|
| 008 | 240624s9999 xx 000 0 und d | ||
| 041 | _aeng | ||
| 082 | _a330.015195 KOU | ||
| 100 | _aKOUTSOYIANNIS A | ||
| 245 | _aTHEORY OF ECONOMETRICS | ||
| 250 | _a(2nd ed.) | ||
| 260 |
_c2007 _aNew York _bPalgrave |
||
| 300 | _axvii, : 681 : p. : cm. ; 21 | ||
| 365 | _cBPS | ||
| 999 |
_c6257 _d6257 |
||